Vec všetkých vrstiev spoločnosti Zodpovedne v príprave zasadania Ústredného výboru KSS o školstve

Bibliographic Details
Format: Article
Language:Slovak
Subjects:

MARC

LEADER 00000nab a2200000 a 4500
001 vtls000343466
003 SK-MaSNL
005 20260303195449.0
008 111201c1989 xo 0 slo
015 |a SNBRB19rr/mm-uuuuu 
035 |a CL0343588 
040 |a SNKBUCL  |b slo  |c SNKBUCL  |e AACR2 
041 0 |a slo 
044 |a xo  |c SK 
080 |a 329.15(437.6):371  |2 1981 
080 |a 371  |2 1981 
245 0 0 |a Vec všetkých vrstiev spoločnosti  |b Zodpovedne v príprave zasadania Ústredného výboru KSS o školstve 
610 2 7 |a Komunistická strana Slovenska  |2 snkbucl  |9 30182 
650 0 7 |a školstvo (rezort)  |2 snkbucl  |9 970908 
655 7 |a články z novín a časopisov  |2 snkbucl  |9 267496 
773 0 |t Pravda  |g Roč. 70, č. 44 (21. 2. 1989), s. 3 
850 |a Slovenská národná knižnica v Martine  |a MTA001 
852 |a SNK  |b KIS3GCP 
958 |a RK 
992 |a RBX 
999 |c 2162839  |d 2164769